000 00999nam a22002057a 4500
001 6779
003 FISKH
005 20250528084031.0
008 250528b cb ||||| |||| 00| 0 eng d
040 _aFISKH
_beng
_cFISKH
_dFISKH
050 _aBV3320 SOU
100 _aSoutheast Asia Research Network
245 _aThe Peoples of Malaysia, Brunei, & Singapore /
_cBy Southeast Asia Research Network
260 _aSingapore :
_bSoutheast Asia Link - SEALINK ,
_c2006.
300 _a113 pages :
_bcolor illustrations , maps ;
_c25 cm .
520 _aThe Peoples of Malaysia, Brunei, & Singapore is a 2006 publication by Southeast Asia Link, offering a comprehensive overview of the diverse ethnic groups across these three Southeast Asian nations. The book is particularly tailored for Christian audiences, aiming to raise awareness about the various peoples and their receptiveness to global evangelization efforts.
650 _aMalaysia
_vNon-fiction
942 _2ddc
_cBK
_n0
999 _c6779
_d6779